Sondage-Couleurs - Statistiques

Statistiques générales
  • Ce quiz a été pris 62 fois
  • Le résultat moyen est 15 sur 21
Statistiques - réponses
Couleur Lettre Lettre correspondante Majuscule % Correct
Jaune A A
76%
Rouge C C
76%
Orange B B
75%
Rose D D
75%
Violet E E
75%
Mauve F F
73%
Vert O O
73%
Bleu J J
71%
Turquoise M M
71%
Pourpre G G
69%
Cyan L L
69%
Vert clair N N
69%
Vert foncé P P
69%
Noir R R
69%
Magenta H H
67%
Bleu marine I I
67%
Bleu ciel K K
67%
Beige T T
67%
Marron Q Q
65%
Blanc S S
65%
Autre U U
65%
Aucun quiz correspondant
Distribution des résultats
% des personnes avec chaque résultat
Percentile par nombre de réponses
Votre historique - résultats
Vous n’avez pas pris ce quiz